00757nam a2200241Ia 450000500170000000800460001703700110006304000080007404000080008204000080009004100080009804100080010608400080011410000540012224501090017626000090028530000100029465000130030470000820031794200070039999900210040695200880042720260430150118.0008 250103s9999 xx 000 0 eng d aTheses aCRL beng ceng 2eng aeng qCRL aKaur Amanpreet Au.; Kar Rabi Narayan Gu.91236495 0aPerformance of socially responsible investing: A Comparative study of developing and developed countries c2022 a277p. aCommerce aUniversity of Delhi. Faculty of Commerce and Business. Department of Commerce cTH c1848977d1848977 00104070aCRLbCRLd2026-04-30l0pTH0026463r2026-04-30 15:01:18w2026-04-30yTH